000 00254nam a2200097Ia 4500
001 683552
005 20250826161440.0
008 250824s9999 xx 000 0 und d
245 0 _aEINSTEIN ÇILGIN TEORİSYEN
_cMİKE GOLDSIMITH
260 _bTİMAŞ YAYINLARI
999 _c683552
_d683552